Cities in Hawaii by picture - Statistics

General Stats
  • This quiz has been taken 7 times
  • The average score is 2 of 16
Answer Stats
Picture Answer % Correct
Honolulu
100%
Hilo
50%
Kahului
17%
Lahaina
17%
Lihue
17%
Ahuimanu
0%
Aiea
0%
Ewa Beach
0%
Kailua
0%
Kailua-Kona
0%
Māʻili
0%
Mākaha
0%
Makakilo
0%
Waianae
0%
Waihee-Waiehu
0%
Wailuku
0%
No matching quizzes found
Score Distribution
Percent of People with Each Score
Percentile by Number Answered
Your Score History
You have not taken this quiz